000
00243nam a22000977a 4500
999
_c
531633
_d
531633
082
_a
823
_b
SHA
100
_a
shafique, Khurram Ali.
245
_a
The Republic of Rumi /
942
_2
ddc
_c
BK